| 000 | 00521nam a2200181 a 4500 | ||
|---|---|---|---|
| 001 | 763 | ||
| 003 | CDMR | ||
| 005 | 20131001102552.0 | ||
| 008 | 130130s1975||||||||||||||||||||||||||||d | ||
| 020 | _a8427613024 | ||
| 040 |
_aCDMR _bcat _cCDMR |
||
| 100 | 1 |
_aAguilera Gamoneda, Joaquim de _9591 |
|
| 245 | 1 | 0 |
_aDimensión y sistema de la televisión educativa _cJoaquin de Aguilera Gamoneda |
| 260 |
_aMadrid _c1975 _bNacional |
||
| 490 | 0 | _aRitmo Universitario | |
| 650 | 0 | 4 |
_92782 _aTelevisió en l'ensenyament |
| 942 |
_cMON _2udc |
||
| 999 |
_c763 _d763 |
||